| 000 | 00425nam a2200145Ia 4500 | ||
|---|---|---|---|
| 008 | 240719s9999 xx 000 0 und d | ||
| 041 | _aeng | ||
| 082 | _a613.2 HOL | ||
| 100 | _aHollis Judi | ||
| 245 | _aFrom Bagels To Buddha How I Found My Soul And Lost My Fat | ||
| 260 |
_aLas Vegas _bCentral Recovery Press _c2012 |
||
| 300 | _a262.; P. 20 Cm | ||
| 365 |
_c _b18.95 |
||
| 520 | _aGifted By : IMT Faculty Dr. senthil kumar | ||
| 999 |
_c41196 _d41196 |
||